000 00209nam a22001097a 4500
040 _cSK
082 _a338
100 _aRICHARD H.
245 _aJapanese agriculture
260 _aLONDON
_bRIC
_c1990
942 _cEK
999 _c9595
_d9595